000 01376nam a22002177a 4500
999 _c22144
_d22144
003 AR-CdUCM
008 190429b ||||| |||| 00| 0 spa d
040 _aMUNICIPALIDAD PROVINCIAL DEL CUSCO
_cBIBLIOTECA MUNICIPAL DEL CUSCO
082 _aIllapa/N°2/2008
245 _aIllapa :
_bRevista de la Escuela Superior Autónoma de Bellas Artes Diego Quispe Tito del Cusco /
260 _aCusco.
_bESABAC,
_c2008.
300 _a47 páginas. :
_bilustraciones ;
_c25 cm.
440 _aIllapa.
_nAño 1, N°2, diciembre 2008.
_947531
505 _aContenido: Persistencia del barroco mestizo en los Andes. Ricardo Scotti. -- Nueva currícula de educación artística. Herbert Rodríguez. -- Una mirada venezolana al Cusco profundo. Víctor Márquez. -- El universo femenino desde una mirada privada. Mónica Núñez Luis. -- La post-modernidad conceptual. Lawrence Carrasco. -- Arte innovación artesanal i diseño. José D. Gutiérrez. -- La psicología y el arte. Soraida Pilco. -- La curaduría y las artes visuales en el Cusco. Manuel Gibaja. -- Los 3 azotes. Rolando Moreyra. -- La hoja de coca, creencias y valores. Sixto Guevara.
650 _aArte cusqueño
_913165
650 _aArtistas cusqueños
_946623
650 _aBellas Artes
_912670
710 _aEscuela Superior Autónoma de Bellas Artes Diego Quispe Tito del Cusco
_947530
942 _2ddc
_cPP
945 _arac